000 005610000a22001810004500
003 MACL
005 20160227151554.0
008 160227b xxu||||| |||| 00| 0 eng d
040 _aMACL
_cMACL
041 _aHindi
082 _a800
100 _aआर जी कलिंगवुड
_940965
245 _aकला के सिद्धान्‍त
260 _bराजस्‍थान हिन्‍दी ग्रंथ अकादमी
_c1972
_aजयपुर
350 _a11
650 _aLiteracture
_939932
942 _cHIN
_k800
_2ddc
999 _c27592
_d27592